Paul McCarthy's low life slow life : (Record no. 1210)

MARC details
000 -LEADER
campo de control de longitud fija 01117nam a22002537a 4500
008 - DATOS DE LONGITUD FIJA--INFORMACIÓN GENERAL
campo de control de longitud fija 170624s2010 gw||||| |||| 00| 0 eng d
020 ## - NÚMERO INTERNACIONAL ESTÁNDAR DEL LIBRO
Número Internacional Estándar del Libro 9783775725736
082 04 - NÚMERO DE LA CLASIFICACIÓN DECIMAL DEWEY
Número de clasificación 708
Número de ítem M478p
100 1# - ENTRADA PRINCIPAL--NOMBRE DE PERSONA
Nombre de persona McCarthy, Paul.
9 (RLIN) 5839
245 10 - MENCIÓN DEL TÍTULO
Título Paul McCarthy's low life slow life :
Resto del título tidebox tidebook /
Mención de responsabilidad, etc. Paul McCarthy ; editado por Jens Hoffmann y Stacen Berg.
250 ## - MENCION DE EDICION
Mención de edición 1a ed.
260 ## - PUBLICACIÓN, DISTRIBUCIÓN, ETC.
Lugar de publicación, distribución, etc. Alemania :
Nombre del editor, distribuidor, etc. Hatje Cantz Verlag,
Fecha de publicación, distribución, etc. 2010.
300 ## - DESCRIPCIÓN FÍSICA
Extensión 648 páginas :
Otras características físicas ilustraciones en color.
500 ## - NOTA GENERAL
Nota general Catálogo publicado con motivo a las exposiciones "Paul McCarthy's Low Life Slow Life Part 1 y Paul McCarthy's Low Life Slow Life Part 2", presentadas del 7 de febrero al 12 de abril de 2008 y del 27 de enero al 30 de mayo de 2009 respectivamente, en Logan Galleries del CCA Wattis Institute for Contemporary Arts.
653 10 - TÉRMINO DE INDIZACIÓN--NO CONTROLADO
Término no controlado Arte contemporáneo
653 10 - TÉRMINO DE INDIZACIÓN--NO CONTROLADO
Término no controlado Catálogo de exhibición
653 10 - TÉRMINO DE INDIZACIÓN--NO CONTROLADO
Término no controlado Exhibiciones
653 10 - TÉRMINO DE INDIZACIÓN--NO CONTROLADO
Término no controlado Arte - Estados Unidos
653 10 - TÉRMINO DE INDIZACIÓN--NO CONTROLADO
Término no controlado Performance
653 10 - TÉRMINO DE INDIZACIÓN--NO CONTROLADO
Término no controlado Instalación
653 10 - TÉRMINO DE INDIZACIÓN--NO CONTROLADO
Término no controlado Action painting
700 1# - ENTRADA AGREGADA--NOMBRE PERSONAL
Nombre de persona Hoffmann, Jens.
Término indicativo de función/relación editor.
9 (RLIN) 5840
700 1# - ENTRADA AGREGADA--NOMBRE PERSONAL
Nombre de persona Berg, Stacen.
9 (RLIN) 5841
Holdings
Estatus retirado Estado de pérdida Fuente del sistema de clasificación o colocación Estado de daño No para préstamo Biblioteca de origen Biblioteca actual Ubicación en estantería Fecha de adquisición Total de préstamos Signatura topográfica completa Código de barras Visto por última vez Fecha del último préstamo Precio de reemplazo Tipo de ítem Koha
    Clasificación Decimal Dewey     Biblioteca LadoV Biblioteca LadoV   24/06/2017 1 708 M478p 001020 04/08/2018 22/06/2018 24/06/2017 Material 01